|
|
|
|
| LEADER |
00000cam a2200000 i 4500 |
| 001 |
1/21060 |
| 008 |
051220s1999 gr | ||| |||| ||gre|| |
| 035 |
|
|
|l 10081775
|
| 040 |
|
|
|a GR-MyUa
|b gre
|e AACR2
|
| 041 |
1 |
|
|a gre
|h eng
|
| 082 |
7 |
|
|a 520
|2 (22)
|
| 245 |
1 |
0 |
|a Ρόμπερτ Χενλάιν διάστημα 1999 /
|c μετάφραση Μ. Χαλικιά.
|
| 260 |
|
|
|a Αθήνα :
|b Κάκτος,
|c 1977.
|
| 300 |
|
|
|a 245 σ. ;
|c 20 εκ.
|
| 500 |
|
|
|a Μετάφραση του: Robert Heinlein : space 1999.
|
| 650 |
|
0 |
|a Astronomy.
|
| 650 |
|
0 |
|a Space sciences.
|
| 700 |
1 |
|
|a Χαλικιάς, Μιλτιάδης,
|e trl
|
| 852 |
|
|
|a INST
|b RHODES
|c KRI
|e 20051220
|h 520 ΧΑΛ
|p 005400021782
|q 005400021782
|t BK
|y 0
|
| 901 |
|
|
|a BIBL4-2005-3
|
| 970 |
|
|
|a ΣΙΔΕΡΗ
|b ΝΕΚΤΑΡΙΑ
|z 2005/11/14
|